La forma de las ruinas (Record no. 17158)

MARC details
000 -LEADER
campo de control de longitud fija 01659cam a2200289 a 4500
003 - IDENTIFICADOR DE NÚMERO DE CONTROL
campo de control Co-PeBPM
005 - FECHA Y HORA DE LA ÚLTIMA TRANSACCIÓN
campo de control 20240418145248.0
007 - CAMPO FIJO DE DESCRIPCIÓN FÍSICA--INFORMACIÓN GENERAL
campo de control de longitud fija ta
008 - DATOS DE LONGITUD FIJA--INFORMACIÓN GENERAL
campo de control de longitud fija 231129s9999||||xx |||||||||||||| ||spa||
020 ## - NÚMERO INTERNACIONAL ESTÁNDAR DEL LIBRO
Número Internacional Estándar del Libro 9789588883946
040 04 - FUENTE DE CATALOGACIÓN
Centro catalogador/agencia de origen Co-PeBPM
Lengua de catalogación spa
Centro/agencia transcriptor Co-PeBPM
Normas de descripción rda
082 04 - NÚMERO DE LA CLASIFICACIÓN DECIMAL DEWEY
Número de clasificación Co863 V335f
Número de edición 22
100 1# - ENTRADA PRINCIPAL--NOMBRE DE PERSONA
Nombre de persona Vásquez, Juan Gabriel
Término indicativo de función/relación autor
245 10 - MENCIÓN DEL TÍTULO
Título La forma de las ruinas
Mención de responsabilidad, etc. / Juan Gabriel Vásquez
250 ## - MENCION DE EDICION
Mención de edición Segunda reimpresión
260 ## - PUBLICACIÓN, DISTRIBUCIÓN, ETC.
Lugar de publicación, distribución, etc. Bogotá
Nombre del editor, distribuidor, etc. : Alfaguara ; Penguin Random House
Fecha de publicación, distribución, etc. c2016
300 ## - DESCRIPCIÓN FÍSICA
Extensión 547 páginas
Dimensiones 24 centímetros
490 ## - MENCIÓN DE SERIE
Mención de serie Alfaguara
500 ## - NOTA GENERAL
Nota general Incluye índice
500 ## - NOTA GENERAL
Nota general Contiene datos biográficos del autor en la solapa del texto
520 ## - RESUMEN, ETC.
Sumario, etc. En el año 2014, Carlos Carballo es arrestado por intentar robar el traje de paño de Jorge Eliécer Gaitán, líder político asesinado en Bogotá en 1948. Carballo es un hombre atormentado que busca señales para desentrañar los misterios de un pasado que lo obsesiona. Pero nadie, ni siquiera sus amigos más cercanos, sospecha las razones profundas de su obsesión. ¿Qué conecta los asesinatos de Jorge Eliécer Gaitán, cuya muerte partió en dos la historia de Colombia, y de John F. Kennedy? ¿De qué forma puede un crimen ocurrido en 1914, el del senador liberal colombiano Rafael Uribe Uribe, marcar la vida de un hombre en el siglo XXI? Para Carballo todo está conectado, y las coincidencias no existen.
546 ## - NOTA DE IDIOMA
Nota de lengua/lenguaje spa
650 14 - PUNTO DE ACCESO ADICIONAL DE MATERIA--TÉRMINO DE MATERIA
Término de materia o nombre geográfico como elemento de entrada Novela colombiana
Fuente del encabezamiento o término Lemb
650 14 - PUNTO DE ACCESO ADICIONAL DE MATERIA--TÉRMINO DE MATERIA
Término de materia o nombre geográfico como elemento de entrada Literatura colombiana
Fuente del encabezamiento o término Lemb
942 ## - ELEMENTOS DE ENTRADA SECUNDARIOS (KOHA)
Fuente del sistema de clasificación o colocación Clasificación Decimal Dewey
Tipo de ítem Koha Libros
Holdings
Estatus retirado Estado de pérdida Fuente del sistema de clasificación o colocación Estado de daño No para préstamo Biblioteca de origen Biblioteca actual Fecha de adquisición Total de préstamos Total de renovaciones Signatura topográfica completa Código de barras Visto por última vez Fecha del último préstamo Copia número Precio de reemplazo Tipo de ítem Koha
    Clasificación Decimal Dewey     BIBLIOTECA PÚBLICA MUNICIPAL RAMON CORREA MEJIA BIBLIOTECA PÚBLICA MUNICIPAL RAMON CORREA MEJIA 06/04/2018 3 1 Co863 V335f 40652 06/09/2024 06/06/2024 Ej.1 29/11/2023 Libros
    Clasificación Decimal Dewey     BIBLIOTECA PÚBLICA MUNICIPAL RAMON CORREA MEJIA BIBLIOTECA PÚBLICA MUNICIPAL RAMON CORREA MEJIA 02/12/2019     Co863 V335f 43522 29/11/2023   Ej.3 29/11/2023 Libros
    Clasificación Decimal Dewey     BIBLIOTECA PÚBLICA MUNICIPAL RAMON CORREA MEJIA BIBLIOTECA PÚBLICA MUNICIPAL RAMON CORREA MEJIA 02/12/2019     Co863 V335f 43523 29/11/2023   Ej.2 29/11/2023 Libros

Powered by Koha